| 000 | 00584nam a2200121Ia 4500 | ||
|---|---|---|---|
| 008 | 171212s9999 xx 000 0 und d | ||
| 020 | _a9780833050168 | ||
| 100 | _aStecher, Brian M.;Camm, Frank;Damberg, Cheryl L.;Hamilton, Laura S.;Mullen, Kathleen J. | ||
| 245 |
_cStecher, Brian M.;Camm, Frank;Damberg, Cheryl L.;Hamilton, Laura S.;Mullen, Kathleen J. _aToward a Culture of Consequences _bPerformance-Based Accountability Systems for Public Services -- Executive Summary |
||
| 260 |
_bRAND Corporation _c2010 |
||
| 650 | _aEducation | ||
| 856 | _uwww.jstor.org/stable/10.7249/mg1019-1 | ||
| 999 |
_c352745 _d352745 |
||